Подробности
| 000 -МАРКЕР |
| контрольное поле |
02712nam0a22003491 4500 |
| 001 - ИДЕНТИФИКАТОР ЗАПИСИ |
| контрольное поле |
rc\3553463 |
| 005 - ИДЕНТИФИКАТОР ВЕРСИИ |
| контрольное поле |
20260406235245.0 |
| 021 ## - НОМЕР ГОСУДАРСТВЕННОЙ РЕГИСТРАЦИИ |
| Код страны |
Российская Федерация |
| Номер |
[70-36754] |
| 035 ## - ДРУГИЕ СИСТЕМНЫЕ НОМЕРА |
| Идентификатор записи |
(NLR Aleph) 007676053 |
| 100 ## - ДАННЫЕ ОБЩЕЙ ОБРАБОТКИ |
| Данные общей обработки |
20130115d1970 |||y0rusy50 ca |
| 101 0# - ЯЗЫК РЕСУРСА |
| Язык текста, звукозаписи и т.д. |
русский |
| 102 ## - СТРАНА ПУБЛИКАЦИИ ИЛИ ПРОИЗВОДСТВА |
| Страна публикации |
Российская Федерация |
| 105 ## - ПОЛЕ КОДИРОВАННЫХ ДАННЫХ: ТЕКСТОВЫЕ МАТЕРИАЛЫ, МОНОГРАФИЧЕСКИЕ |
| Кодированные данные о монографическом текстовом документе |
ac b ||||| |
| 200 1# - ЗАГЛАВИЕ И СВЕДЕНИЯ ОБ ОТВЕТСТВЕННОСТИ |
| Основное заглавие |
Живопись. Скульптура. Графика. Монументально-декоративное искусство. Театрально-декорационное искусство. Прикладное искусство |
| Сведения, относящиеся к заглавию |
Каталог |
| Первые сведения об ответственности |
Волгогр. обл. упр. культуры. Волгогр. организация Союза художников РСФСР. Обл. юбилейная темат. худож. выставка, посвящ. 100-летию со дня рождения В.И. Ленина |
| 210 ## - ПУБЛИКАЦИЯ, РАСПРОСТРАНЕНИЕ И ДР. |
| Место издания, распространения и т.д. |
Волгоград |
| Имя издателя, распространителя и т. д. |
Н.-Волж. кн. изд-во |
| Дата издания, распространения и т.д. |
1970 |
| 215 ## - ФИЗИЧЕСКАЯ ХАРАКТЕРИСТИКА |
| Специфическое обозначение материала и объем |
24 с., 11 л. ил. |
| Другие сведения о физической характеристике |
портр. |
| Размеры |
16 |
| 517 0# - ДРУГИЕ ВАРИАНТЫ ЗАГЛАВИЯ |
| Вариант заглавия |
Монументально-декоративное искусство. Театрально-декорационное искусство. Прикладное искусство |
| 517 0# - ДРУГИЕ ВАРИАНТЫ ЗАГЛАВИЯ |
| Вариант заглавия |
Театрально-декорационное искусство. Прикладное искусство |
| 517 0# - ДРУГИЕ ВАРИАНТЫ ЗАГЛАВИЯ |
| Вариант заглавия |
Графика. Монументально-декоративное искусство. Театрально-декорационное искусство. Прикладное искусство |
| 517 0# - ДРУГИЕ ВАРИАНТЫ ЗАГЛАВИЯ |
| Вариант заглавия |
Прикладное искусство |
| 517 0# - ДРУГИЕ ВАРИАНТЫ ЗАГЛАВИЯ |
| Вариант заглавия |
Скульптура. Графика. Монументально-декоративное искусство. Театрально-декорационное искусство. Прикладное искусство |
| 606 ## - НАИМЕНОВАНИЕ ТЕМЫ КАК ПРЕДМЕТ |
| Наименование темы |
Русское советское декоративно-прикладное искусство |
| Тематический подзаголовок |
Выставки |
| Хронологический подзаголовок |
1970 |
| Географический подзаголовок |
Волгоград |
| Код системы |
psbo |
| 606 ## - НАИМЕНОВАНИЕ ТЕМЫ КАК ПРЕДМЕТ |
| Наименование темы |
Театрально-декорационное искусство, русское, советское |
| Тематический подзаголовок |
Выставки |
| Хронологический подзаголовок |
1970 |
| Географический подзаголовок |
Волгоград |
| Код системы |
psbo |
| 606 ## - НАИМЕНОВАНИЕ ТЕМЫ КАК ПРЕДМЕТ |
| Наименование темы |
Русское советское изобразительное искусство |
| Тематический подзаголовок |
Выставки |
| Хронологический подзаголовок |
1970 |
| Географический подзаголовок |
Волгоград |
| Код системы |
psbo |
| 710 02 - НАИМЕНОВАНИЕ ОРГАНИЗАЦИИ - ПЕРВИЧНАЯ ОТВЕТСТВЕННОСТЬ |
| Начальный элемент ввода |
Волгоградская областная тематическая художественная выставка, посвященная 100-летию со дня рождения В. И. Ленина |
| Дата проведения временной организации |
1970 |
| Системный номер авторитетной/нормативной записи |
473652 |
| Идентификатор авторитетной/нормативной записи |
RU\NLR\AUTH\889989056 |
| 801 #0 - ИСТОЧНИК ЗАПИСИ |
| Страна |
Российская Федерация |
| Организация |
NLR |
| Правила каталогизации |
psbo |
| 801 #1 - ИСТОЧНИК ЗАПИСИ |
| Страна |
Российская Федерация |
| Организация |
ELAR |
| Источник данных |
rusmarc |
| 852 ## - МЕСТОНАХОЖДЕНИЕ И ШИФР ХРАНЕНИЯ |
| Идентификатор организации |
NLR |
| Наименование фонда или коллекции (Sub-Location Identifier) |
Э |
| Шифр хранения (Call Number) |
КВ671.5/1970 |
| 942 ## - ДОПОЛНИТЕЛЬНЫЕ ЭЛЕМЕНТЫ ЗАПИСИ (АБИС) |
| Тип экземпляра АБИС |
Книга |
| 980 ## - КОЛЛЕКЦИЯ |
| Название коллекции |
Национальная библиография |